Dopravná infraštruktúra Slovenska je poznamenaná internacionalizáciou dopravy a spojov

Vplyv dopravnej infraštruktúry na rozvoj hospodárstva a priestorové usporiadanie územia. Medzinárodné prepojenia zvyšujú medzinárodnú konkurenciu. Deľba práce s rozdielnym hospodárskym potenciálom. Nutnosť prepojenia dopravnej infraštruktúry Slovenskej republiky na európsku dopravnú sieť. Nedostatky...

Descripción completa

Guardado en:
Detalles Bibliográficos
Autor principal: Čikovský, Miloš
Formato: Libro
Lenguaje:eslovaco
Materias:
Etiquetas: Agregar Etiqueta
Sin Etiquetas, Sea el primero en etiquetar este registro!

MARC

LEADER 00000nam a2200000 4500
001 r030910
005 20230921082109.9
041 0 |a slo 
044 |a SK 
245 1 0 |a Dopravná infraštruktúra Slovenska je poznamenaná internacionalizáciou dopravy a spojov  |c Miloš Čikovský 
520 |a Vplyv dopravnej infraštruktúry na rozvoj hospodárstva a priestorové usporiadanie územia. Medzinárodné prepojenia zvyšujú medzinárodnú konkurenciu. Deľba práce s rozdielnym hospodárskym potenciálom. Nutnosť prepojenia dopravnej infraštruktúry Slovenskej republiky na európsku dopravnú sieť. Nedostatky železničnej infraštruktúry na Slovensku. Nekoncepčné riadenie a organizačné zmeny v Železniciach Slovenskej republiky. 
610 2 0 |a infraštruktúra 
610 2 0 |a zmeny štruktúrne 
610 2 0 |a doprava železničná 
610 2 0 |a železnice 
610 2 0 |a preprava 
610 2 0 |a investície 
610 2 0 |a ŽSR 
100 1 |a Čikovský, Miloš